|
|
|
|
| LEADER |
01283nam a2200289 a 4500 |
| 001 |
13546470 |
| 003 |
BD-DhAAL |
| 005 |
20241209135526.0 |
| 008 |
090818s2003 miua 000 0 eng d |
| 010 |
|
|
|a \\2004271164
|
| 020 |
|
|
|a 047208898X (pbk.)
|
| 040 |
|
|
|a EOW
|c EOW
|d DLC
|
| 082 |
0 |
0 |
|a 428.2/4
|2 22
|
| 100 |
1 |
|
|a Folse, Keith S.
|9 11687
|
| 245 |
1 |
0 |
|a Targeting listening and speaking :
|b strategies and activities for ESL/EFL students /
|c Keith S. Folse, Darren Bologna.
|
| 260 |
|
|
|a Ann Arbor, Mich. :
|b University of Michigan Press,
|c c2003.
|
| 300 |
|
|
|a xv, 216 pages :
|b illustrations ;
|c 26 cm.
|
| 526 |
|
|
|a AAL
|x CFL(Present BIL)
BRAC University.
|
| 541 |
1 |
|
|a Amazon.com
|e 00018259
|
| 650 |
|
0 |
|a Debates and debating.
|
| 650 |
|
0 |
|a English language
|v Textbooks for foreign speakers.
|
| 650 |
|
0 |
|a English language
|v Conversation and phrase books.
|9 57244
|
| 700 |
1 |
|
|a Bologna, Darren.
|9 57245
|
| 852 |
4 |
|
|a Ayesha Abed Library
|j General shelf
|
| 942 |
|
|
|2 ddc
|c BK
|
| 999 |
|
|
|c 3618
|d 3618
|
| 952 |
|
|
|0 0
|1 0
|2 ddc
|4 0
|6 428_240000000000000_FOL_2003
|7 0
|9 3282
|a BRACUL
|b BRACUL
|c GEN
|d 2009-09-02
|e Amazon.com
|g 2009.00
|l 2
|m 2
|o 428.24 FOL
|p 3010018259
|r 2017-09-24
|s 2017-09-14
|t 1
|w 2009-09-02
|y BK
|x Requisitioned by CFL(Present BIL), BRAC University.$16.76 converted from Dollar to Taka on 9.12.2024.
|